01080 2200301 4500001002100000005001700021008004100038020002200079035002400101040001200125041000800137082002100145084001900166090002300185245019200208250001800400260004100418300003600459500011000495650002900605700001800634700001800652700002100670700003300691710002000724850001200744990002200756INLIS00000000002786020170530102423.0  a978-602-1077-42-9 0010-051700000000570 aYOPDYOG1 aind042[23]a398.209598 a398.209598 Tig aDEP 398.209598 Tig1 a366 Nusantara folktalesc/ Ahmad Baihaqi...[et.al]; editor, Novi Siti Kussuji Indrastuti, Niken Savitri; translator, Niken Savitri, Brian Reza Daffi; ilustrator, Urakurek Studio...[et.al] aEd. 1, Cet. 12 aYogyakartabAdicita Karya Nusac2016 axv, 991 hlm.b: ilus.c; 30 cm. aDiterbitkan atas kerjasama Adicita karya Nusa dengan Center for research and development of Malay culture aCerita rakyatzIndonesia0 aAhmad Baihaqi0 aNiken Savitri0 aBrian Reza Daffi0 aNovi Siti Kussuji Indrastuti aUrakurek Studio aYOPDYOG aCB-D.11/2016-2005